Statistiques concernant 📖💬 Paroles "La Mort et le Bûcheron" la Fontaine

Cliquez ici pour prendre le quiz!

Statistiques générales

  • Ce quiz a Ă©tĂ© pris 28 fois
  • Le rĂ©sultat moyen est 91 sur 156

Statistiques - réponses

Mots% Correct
Ă 
100%
A
100%
a-
100%
Bûcheron
100%
d'
100%
de
100%
est
100%
est,
100%
est-
100%
Et
100%
et
100%
la
100%
le
100%
Le
100%
m'
100%
n'
100%
t-
100%
C'
92%
des
92%
elle
92%
il,
92%
Il
92%
il
92%
les
92%
Mais
92%
mort,
92%
ne
92%
oĂą
92%
qu'
92%
que
92%
Sa
92%
sa
92%
Un
92%
un
92%
au
83%
ce
83%
dit-
83%
nous
83%
pas
83%
son
83%
du
75%
en
75%
En
75%
plus
75%
tu
75%
bien
67%
tout
67%
bois ;
58%
eu
58%
femme,
58%
Lui
58%
sans
58%
pauvre
50%
Quel
50%
ses
50%
Sous
50%
aussi
42%
Enfin,
42%
faut
42%
monde ?
42%
quelquefois,
42%
vient
42%
enfants,
33%
faire
33%
sommes.
33%
ans
25%
appelle
25%
depuis
25%
hommes.
25%
jamais
25%
pain
25%
Point
25%
pouvant
25%
achevée.
17%
couvert
17%
demande
17%
gagner
17%
guère.
17%
malheur.
17%
malheureux
17%
met
17%
mourir,
17%
peinture
17%
peu
17%
plaisir
17%
ramée,
17%
trépas
17%
afin
8%
aider
8%
bas
8%
bougeons
8%
chaumine
8%
corvée
8%
courbé
8%
créancier,
8%
devise
8%
douleur,
8%
effort
8%
enfumée.
8%
fagot
8%
fagot,
8%
faix
8%
font
8%
GĂ©missant
8%
guérir ;
8%
machine
8%
marchait
8%
pesants,
8%
PlutĂ´t
8%
recharger
8%
ronde ?
8%
soldats,
8%
songe
8%
souffrir
8%
tâchait
8%
tarder,
8%
impĂ´ts,
0%
repos.
0%
tarderas
0%

Distribution des résultats

Percentile par nombre de réponses

% des personnes avec chaque résultat

Votre développement - résultats

Vous n’avez pas pris ce quiz